Catalog

Record Details

Catalog Search



Idea národa v husitských Čechách  Cover Image Book Book

Idea národa v husitských Čechách / František Šmahel

Record details

  • ISBN: 80-7203-261-5
  • Physical Description: 345 s.
  • Publisher: Praha Argo 2000

Available copies

  • 1 of 1 copy available at Common Catalog SPOK.

Holds

  • 0 current holds with 1 total copy.
Show Only Available Copies
Location Call Number / Copy Notes Barcode Shelving Location Status Due Date
ETS Library 943.70224 424470010081 Volný výběr Available -

LDR 00690nam a2 00253
00142523
003CZ-PrJAB
00520040305000000.0
008020124s2000 xr e |||| |cze
009cz
020 . ‡a80-7203-261-5
035 . ‡a(CONS)4164
035 . ‡aKPS10642
040 . ‡aABG450
041 . ‡acze
08214. ‡a943.70224
100 . ‡72386 ‡aŠmahel, František
245 . ‡aIdea národa v husitských Čechách / ‡cFrantišek Šmahel
260 . ‡aPraha ‡bArgo ‡c2000
300 . ‡a345 s.
490 . ‡aHistorické myšlení ‡vsv. 11
653 . ‡aIdea národa v husitských Čechách
8524 . ‡bETS ‡bETS ‡cVolný výběr ‡j943.70224 ‡gA ‡p424470010081
910 . ‡aABG450
999 . ‡a4164 ‡bAUTOGEN ‡c4164 ‡tbiblio
905 . ‡uadmin
901 . ‡a42523 ‡b ‡c42523 ‡tbiblio ‡sets

Additional Resources